Captain William Kidd : scapegoat or scoundrel /

Bibliographic Details
Main Author: McLeod, Carol
Format: Book
Language:English
Published: Antigonish, Nova Scotia : Formac, [1979]
Edition:1st ed.
Subjects:

MARC

Tag First Indicator Second Indicator Subfields
LEADER 00000cam a2200000 a 4500
001 in00000073036
005 20151008060022.0
008 810827s1979 nsc b 00010beng d
020 |a 0887800440 
035 |a (OCoLC)07706275 
035 |9 AAJ4975AM 
040 |a LSL  |c LSL  |d TXA  |d UtOrBLW 
045 |a u4vo 
049 |a TXAM  |c [387898] 
090 |a G537.K5  |b M3 
092 |a B  |a 910.453 
100 1 |a McLeod, Carol. 
245 1 0 |a Captain William Kidd :  |b scapegoat or scoundrel /  |c by Carol McLeod. 
250 |a 1st ed. 
264 1 |a Antigonish, Nova Scotia :  |b Formac,  |c [1979] 
264 4 |c ©1979 
300 |a 82 pages ;  |c 24 cm. 
336 |a text  |b txt  |2 rdacontent 
337 |a unmediated  |b n  |2 rdamedia 
338 |a volume  |b nc  |2 rdacarrier 
504 |a Bibliography: pages 81-82. 
600 1 0 |a Kidd, William,  |d -1701. 
650 0 |a Pirates. 
999 |a MARS 
999 f f |s 1c849287-3100-3014-9bad-45fdcd45308e  |i 4446de5d-7680-3fe3-9e44-c3cf3934006a  |t 0 
952 f f |p normal  |a Texas A&M University  |b College Station  |c Sterling C. Evans Library  |d Evans: Library Stacks  |t 0  |e G537.K5 M3  |h Library of Congress classification  |i unmediated -- volume  |m A14806112894 
998 f f |a G537.K5 M3  |t 0  |l Evans: Library Stacks